00439 2200169 4500001002100000005001500021035002000036007000300056008004100059020001800100082000800118084001400126100001600140245004500156260003200201300003600233INLIS00000000000019920231012091314 a0010-1023000049ta231012 0 ind  a979-794-499-9 a813 a813 CAN s0 aCandra, Boy1 aSenja, Hujan, dan Cerita yang Telah Usai aJakarta :bMediakita,c2015 avii + 240 hlm. ;c13,5 x 20 cm.